000 00740nam a2200289Ia 4500
005 20260324122151.0
008 008 260324s9999 xx 000 0 eng d
020 _a9780203092446
037 _aEBOOK
040 _aCRL
040 _beng
040 _cCRL
041 _2eng
041 _aeng
084 _qCRL
100 _aCamille Wilson; Sonya Horsford
_91165379
245 0 _aAdvancing Equity and Achievement in America's Diverse Schools
245 0 _bInclusive Theories, Policies, and Practices
260 _bTaylor and Francis
260 _c2013
365 _a
365 _b280
856 _uhttp://www.taylorfrancis.com/books/9780203092446
942 _cEBOOK
999 _c1757917
_d1757917